000 00772nam a22002291a 4500
001 7792064
005 20141130020003.0
008 920101s1972 nyu 000 0 eng
035 _a(OCoLC)ocm04801498
035 _a(ONUdb)29458
040 _dONUdb
099 1 _a268.434
_aG138t
100 1 _aGalloway, Chester O.
245 1 0 _aTeam teaching with adults/by chester O. Galloway in collaboration with Jean Esterlin...'et al /
_cby Chester O. Galloway in collaboration with Jean Esterline... ·et al.♭.
260 _aAfrica :
_bKansas City, Mo. : Beacon Hill Press of Kansas City,
_c1972.
300 _a108 p. ; 19 cm.
500 _aBibliography: p. 107-108.
590 _a79211
650 0 _aSunday school teachers.
650 0 _aTeaching teams.
942 0 0 _01
999 _c27459
_d27459